| 000 | 005240000a22002050004500 | ||
|---|---|---|---|
| 003 | LK-CoMWRAF | ||
| 005 | 20240210003546.0 | ||
| 008 | 230817t ||||| |||| 00| 0 eng d | ||
| 020 | _a9559102117 | ||
| 040 |
_aLK-CoMWRAF _dLK-CoMWRAF _eLK-CoMWRAF |
||
| 041 | _aeng | ||
| 082 |
_a360 _bTHA |
||
| 100 | _aThaper, Romila | ||
| 245 | _aTraditions versus misconceptions | ||
| 260 |
_aColombo : _bThe Social scientists association, _c1987 |
||
| 300 | _a32 p. | ||
| 650 | _aWomen | ||
| 650 | _awomen & culture | ||
| 942 | _cBK | ||
| 999 |
_c1636 _d1636 |
||